Động từ bất quy tắc trong tiếng Anh
Trình bày những kiến thức cơ bản và ví dụ minh hoạ cho 360 động từ bất quy tắc
Na minha lista:
| Formato: | Livro |
|---|---|
| Idioma: | Undetermined |
| Publicado em: |
Hà Nội
Hồng Đức
2011
|
| Assuntos: | |
| Tags: |
Adicionar Tag
Sem tags, seja o primeiro a adicionar uma tag!
|
| Thư viện lưu trữ: | Trung tâm Học liệu Trường Đại học Cần Thơ |
|---|
| LEADER | 00709nam a2200205Ia 4500 | ||
|---|---|---|---|
| 001 | CTU_188612 | ||
| 008 | 210402s9999 xx 000 0 und d | ||
| 020 | |c 14000 | ||
| 082 | |a 425 | ||
| 082 | |b Đ455 | ||
| 245 | 0 | |a Động từ bất quy tắc trong tiếng Anh | |
| 245 | 0 | |c Trivietbooks | |
| 260 | |a Hà Nội | ||
| 260 | |b Hồng Đức | ||
| 260 | |c 2011 | ||
| 520 | |a Trình bày những kiến thức cơ bản và ví dụ minh hoạ cho 360 động từ bất quy tắc | ||
| 650 | |a English language,Tiếng Anh | ||
| 650 | |x Verb,Động từ | ||
| 910 | |a Phan Trường Nhất,Hải | ||
| 980 | |a Trung tâm Học liệu Trường Đại học Cần Thơ | ||